000 00277cam a2200121ua 4500
082 _a307.72
_bRIC/CO
100 _aRichards, Norah .
_91633
245 _aCountry Life /
250 _a1 /
260 _aLudhiyana :
_bLyall book depot ,
_c1970.
300 _a112 ; .
942 _cBK
999 _c2065
_d2065